000 00755nam a2200205Ia 4500
003 GCL
005 20240530104519.0
008 140319s9999 xx 000 0 ara d
040 _aGCL /
_cGCL
082 0 4 _a922.1
_bس ت
100 1 _aمحمود رياض الحلبى
245 1 0 _aتاريخ الخلفاء /
_cمحمود رياض الحلبى
260 _aبيروت :
_bدار المعرفة ،
_c1996
300 _a462 ص ؛
_c24 سم
650 0 4 _aالتاريخ الاسلامى
650 0 4 _aالخلفاء الراشدون
650 0 4 _aالتاريخ الاسلامى - تراجم
700 1 _aالسيوطى : جلال الدين ابوالفضل عبدالرحمن بن ابى بكر بن محمد الخضيرى
942 _2ddc
_cBK
999 _c48247
_d48247